| 000 | 00445nam a2200157 i 4500 | ||
|---|---|---|---|
| 001 | 38453 | ||
| 003 | ES-MaACL | ||
| 005 | 20230906155747.0 | ||
| 007 | t| | ||
| 008 | 030225s1973 sp ||||1| spa d | ||
| 100 | 1 |
_aCabodevilla, José María. _933240 |
|
| 245 | 1 | 3 |
_aEl libro de las manos / _cJosé María Cabodevilla. |
| 260 |
_aMadrid : _bEspasa-Calpe, _c[1973] |
||
| 300 |
_a308 p. : _bil. ; _c25 cm. |
||
| 852 |
_aES-MaACL _jC-56243 _bR.88675 |
||
| 999 |
_c38453 _d38453 |
||